| 000 | 00592 a2200181 4500 | ||
|---|---|---|---|
| 999 |
_c1119 _d1119 |
||
| 020 | _a0521373875 | ||
| 050 | _aGN270. BER1996 | ||
| 100 |
_aBerry, John W., _d1939-; |
||
| 245 |
_aCross-cultural psychology : _b research and applications / _cJohn W Berry ...[et al] |
||
| 264 |
_a New York : _bCambridge University Press, _c1992. |
||
| 300 | _a xiv, 459 pages : illustrations ; 25 cm | ||
| 500 | _aIncludes bibliography and index | ||
| 650 | _a Ethnopsychology. | ||
| 700 | _aYpe H Poortinga | ||
| 700 | _aMarshall H Segall | ||
| 700 | _aPierre R Dasen | ||
| 942 |
_2lcc _cBK _h270 _iBER _kGN |
||